| 000 -LEADER |
| fixed length control field |
00668nam a22002417a 4500 |
| 008 - FIXED-LENGTH DATA ELEMENTS--GENERAL INFORMATION |
| fixed length control field |
131129b xxu||||| |||| 00| 0 eng d |
| 020 ## - INTERNATIONAL STANDARD BOOK NUMBER |
| International Standard Book Number |
1587780933 |
| 041 0# - LANGUAGE CODE |
| Language code of text/sound track or separate title |
eng |
| 080 ## - UNIVERSAL DECIMAL CLASSIFICATION NUMBER |
| Universal Decimal Classification number |
347 |
| 100 1# - Rafti |
| Rafti |
Rau, Alan Scott |
| 245 10 - TITLE STATEMENT |
| Title |
Negotiation / |
| Statement of responsibility, etc |
Alan Scott Rau, Edward F. Sherman, Scott R. Peppet |
| 250 ## - |
| -- |
second edition |
| 260 ## - |
| -- |
New York : |
| -- |
Foundation press ; |
| -- |
2002. |
| 300 ## - |
| -- |
349 f. : |
| -- |
26 cm. |
| 490 ## - |
| -- |
University casebook series |
| 500 ## - |
| -- |
Preface : f. III-IV |
| 505 ## - |
| -- |
Includes appendix. |
| 650 #0 - |
| -- |
E drejta civile |
| 650 #0 - |
| -- |
Negociatat |
| 700 1# - |
| -- |
Sherman, Edward F. |
| 700 1# - |
| -- |
Peppet, Scott R. |
| 942 ## - ADDED ENTRY ELEMENTS (KOHA) |
| Source of classification or shelving scheme |
|
| Item type |
Books |